000 00620 aa a2200181 4500
008 081021t xxu||||| |||| 00| 0 eng d
010 _aENG-84572
020 _c110.00 (pbk)
035 _aEN-68105
082 _a658.4012
100 _aSubba Rao, P
245 _aStrategic management /
_cby P Subba Rao
260 _aMumbai
_bHimalaya Publishing House
260 _c2006
300 _avii,190p
_c22cm
942 _2ddc
_cEN
_h658.4012
_mSUB
999 _c17877
_d17877